000 002590000a22000970004500
100 1 _aYamamori, Tetsunao
245 1 0 _aGod's special envoys
300 _aVol. 2, Núm 1 (1985), Páginas 81-88
773 0 _tInternational Journal of Frontier Misions
942 _cANA
999 _c55118
_d55118